00636cam a2200181 a 4500008004100000020004600041100002100087245009600108250001200204260003500216300006500251504005100316650003600367700002400403003000100427005001700428040000900445  a0072819561 (combined volume : alk. paper)1 aSherman, Dennis.14aThe West in the world :ba mid-length narrative history /cDennis Sherman, Joyce Salisbury. a2nd ed. aBoston :bMcGraw-Hill,cc2004. axl, 880, [35] p. :bill. (chiefly col.) col. maps ;c26 cm.  aIncludes bibliographical references and index. 0aCivilization, WesternxHistory.1 aSalisbury, Joyce E.20230123124859.0 cNUST